Momo / (Registro nro. 11675)

Detalles MARC
000 -LIDER
fixed length control field 00971cam a22003013a 4500
001 - NÚMERO DE CONTROL
Identificador de número de control 0000751
003 - IDENTIFICACDOR DE NÚMERO DE CONTROL
control field DO-SdBNP
005 - DATE AND TIME OF LATEST TRANSACTION
control field 20241021105930.0
007 - CAMPOS FIJOS DE DESCRIPCIÓN FÍSICA
fixed length control field 0000751
008 - ELEMENTOS DE LONGITUD FIJA
fixed length control field 861112 2010 ag a 000 0 spa d
010 ## - NUMERO DE CONTROL DE BIBLIOTECA DEL CONGRESO
LC control number
020 ## - ISBN
International Standard Book Number 9789870403449
040 ## - FUENTE DE CATALOGACIÓN
Agencia que crea de manera original el registro BPMSU
Agencia que realiza la transcripción spa
Agencia que realiza la modificación BPMSU
--
082 #4 - NÚMERO DE CLASIFICACIÓN DECIMAL DE DEWEY
Classification number 833.91
Item number E56m 2010
Edition number 22
100 1# - ASIENTO PRINCIPAL -- NOMBRE PERSONAL
Nombre personal Ende, Michael
Fechas asociadas con el nombre 1929-1995
245 10 - MENCIÓN DE TITULO
Título Momo /
Mención de responsabilidad Michael Ende ; ilustraciones Alfonso Ruano
250 ## - MENCIÓN DE EDICION
Mención de edición 3a. ed., 3a. reimpr. 2010
260 ## - PUBLICACIÓN, DISTRIBUCIÓN, ETC. (PIE DE IMPRENTA)
Lugar de publicación, distribución, etc Buenos Aires, Argentina :
Nombre del editor, distribuidor, etc. Ediciones Alfaguara ;
-- Santillana ediciones generales,
Fecha de publicación, distribución, etc 2010
Impresor
300 ## - DESCRIPCIÓN FÍSICA
Extensión 255 p. :
Otros detalles físicos il. ;
Dimensiones 20 cm.
490 0# - MENCIÓN DE SERIES
Mención de serie Alfaguara juvenil
500 ## - NOTA GENERAL
Nota general Incluye datos biográficos del autor.
500 ## - NOTA GENERAL
Nota general Literatura para niños a partir de los 12 años.
590 ## - NOTA LOCAL
Texto de la nota local Inventariado, 2024/VM
650 #4 - ENCABEZAMIENTO DE MATERIA--TEMÁTICO
Término temático o nombre geográfico como elemento de entrada Cuentos juveniles alemanes
700 1# - ASIENTO SECUNDARIO -- NOMBRE PERSONAL
Nombre personal Ruano, Alfonso
Mención de responsabilidad ilustraciones
910 ## - VALIDACIÓN
Validación VMateo V. Control de calidad. BPMSU
942 ## - ADDED ENTRY ELEMENTS (KOHA)
Source of classification or shelving scheme Dewey Decimal Classification
Koha item type Libros
Existencias
Withdrawn status Lost status Source of classification or shelving scheme Damaged status Not for loan Collection code Home library Current library Date acquired Source of acquisition Total Checkouts Full call number Barcode Date last seen Price effective from Koha item type Copy number
    Dewey Decimal Classification     Colección Juvenil General Biblioteca Pública Metropolitana Salomé Ureña Biblioteca Pública Metropolitana Salomé Ureña 10/25/2016 Alfaguara   BPMSU CJG 833.91 E56m 2010 BPMSU16100362 10/25/2016 10/25/2016 Libros  
    Dewey Decimal Classification     Colección Juvenil General Biblioteca Pública Metropolitana Salomé Ureña Biblioteca Pública Metropolitana Salomé Ureña 10/25/2016 Alfaguara   BPMSU CJG 833.91 E56m 2010 BPMSU16100363 10/25/2016 10/25/2016 Libros e.2
    Dewey Decimal Classification     Colección Juvenil General Biblioteca Pública Metropolitana Salomé Ureña Biblioteca Pública Metropolitana Salomé Ureña 10/25/2016 Alfaguara   BPMSU CJG 833.91 E56m 2010 BPMSU16100364 10/25/2016 10/25/2016 Libros e.3